000 00382nam a2200169Ia 4500
008 210210b1961 xxu||||| |||| 00| 0 eng d
041 _aeng
082 _a516/119
100 _aRAY (M)
245 _aTextbook of dynamics
260 _aDelhi
_bPremier Publishing Co.
_c1961
650 _aTextbook
650 _aof
650 _adynamics
690 _astatics
906 _a007835
999 _c140693
_d140693